Регионална библиотека "Любен Каравелов" - Русе

Социалистическа организация на труда в системата на здравното обслужване [Изобразителен материал] (Запис номер 399304)

MARC детайли
000 -Лидер
Контролно поле с фиксирана дължина nkm a22 a 4500
003 - Код на организацията, давaща контролен номер
Контролно поле BLK
005 - Дата и час на последна редакция
Контролно поле 20221208031035.0
008 - Елементи от данни с фиксирана дължина
fixed length control field 210226b bu ||||| |||| 00| 0 bu d
040 ## - Източник на каталожния запис
Идентификатор на билиотеката - собственик на записа BLK
041 ## - Код за език
Код за езика на текст/звукозапис или на отделно заглавие Български
Код за езика КДБФ Български
080 ## - УДК
Текстов определител УДК Организация на труда. Вж и 651 ; 658
УДК код - определител по УДК 331.103
УДК определител (497.2-664)(084.2)
УДК - код + определител 331.103(497.2-664)(084.2)
100 ## - Редна дума - Автор
R(LIN) 1299
Автор Ценов, Ангел Маринов
Авторска отговорност първи автор
139 ## - Редно поле
Редна дума Ценов, Ангел Маринов и др.
245 ## - Сведения за заглавието
Заглавие Социалистическа организация на труда в системата на здравното обслужване [Изобразителен материал]
Подзаглавни данни комплект нагледни материали
Редно поле (дума) Ангел Ценов, Кръстьо Опров, Божидар Дулевски ; ред. Лилия Мартинова
Физически носител (вид на носителя)
260 ## - Област на издателските данни
9 (RLIN) 210539
Място на издаване, разпространение и проч. София
Име на издателя, разпространителя и проч. Септември
Година на издаване 1980
Издателство - префикс ISBN 954-406-
300 ## - Физическа характеристика
Страници 1 папка (31 отд. цв. л. сх., табл., к.)
Размери/Мащаб 41 х 31 см
380 ## - Жанр
Жанр Обществени науки
650 #0 - Допълнително описание по предмет – тема
9 (RLIN) 428224
Основно описание – тема или топоним Прозводителност на труда – промишленост
653 #7 - Ключова дума – ненормативна
9 (RLIN) 192915
Ключова дума организация на труда
653 #7 - Ключова дума – ненормативна
9 (RLIN) 187490
Ключова дума икономически методи
653 #7 - Ключова дума – ненормативна
9 (RLIN) 186902
Ключова дума здравеопазване
700 ## - Други автори (авторска отговорност)
Лично име Опров, Кръстьо Геориев
Автороска отговорност (Описва отношението между автора и произведението) съавт.
9 (RLIN) 1445
700 ## - Други автори (авторска отговорност)
Лично име Дулевски, Божидар
Автороска отговорност (Описва отношението между автора и произведението) съавт.
9 (RLIN) 1445
852 ## - Местоположение
Форматна сигнатура Цб ІІІ 148
Фондова буква Хранилище
999 ## - СИСТЕМНИ КОНТРОЛНИ НОМЕРА
Koha biblionumber 399304
Koha biblioitemnumber 399304
942 ## - АРТИКУЛИ
Източник на класификационната схема Universal Decimal Classification
Вид на библиотечния материал Графични издания
Скрит в OPAC Не
Периодичен библиозапис Да
944 ## - СЪЗДАВАНЕ И РЕДАКЦИЯ на ЗАПИСА
Създаване/Редакция Създаване
Дата на регистрацията/редакция 2021-02-26
Служител, извършил регистрацията/редакцията ГГГ
Наличности
Код за отписване Код за изгубен артикул Източник на класификационната схема Код за повреда Коз за рестрикции Код за отдаване Артикулен № Име на библиотеката - собственик Име на библиотеката, в която се намира в момента Статус (Текущо местоположение) Дата на вписване в системата Местоположение - отдел Цена в лева Инвентарен номер Систематично азбучна сигнатура Баркод Цена в евро Служебен тип на артикула
  Не е изгубен Universal Decimal Classification Не е повреден само за читалня ползва се в читалня 813794 Регионална библиотека "Любен Каравелов" Русе Регионална библиотека "Любен Каравелов" Русе Хранилище 2021-03-01 Хранилище 8.40 319234 Цб ІІІ 148 120000319234 4.29 Графични издания
Vip Innovations Ltd, Rousse, Bulgaria 2025